000 00514nmm a2200169Ia 4500
008 251105s9999||||xx |||||||||||||||||und||
020 _a9789588252476
041 _aspa
100 _aIllán Bacca, Ramón
245 0 _aCrónicas casi históricas
264 _a[Bogotá, Colombia] :
_bUniversidad del Norte,
_c2007
300 _a167 páginas
490 _aBarranquilla y el Caribe
650 _aHistory of the Americas: Latin America
856 _uhttps://public.digitaliapublishing.com/a/36975
942 _cCF
999 _c96503
_d96503